000 00359nam a2200133Ia 4500
001 IA_
002 MATEMATICAS AVANZADAS PARA INGENIERiA
008 220117s xx 000 0 und d
010 _a180370
700 _aPiña García, Rodolfo
_9137897
700 _aVillagómez Velázquez, Hugo
_9149620
942 _c517.38 K74 2000
999 _c180370
_d180370